00398nam a22001337a 4500008004100000020001500041050002400056100002500080245008200105250001400187260003100201300001700232650001500249180917b xxu||||| |||| 00| 0 eng d a0071221467 aP90 b.D66 2013 c.1 aDominick, Joseph R.  aThe Dynamics of Mass Communication bMedia in Transition cJoseph R. Dominick a11th ed.  aNew YorkbMcGrawHillc2013 axxiii, 482p. aMass Media